000 00610nam a22001937a 4500
999 _c194359
_d194359
005 20221216112342.0
010 _aUR-11797
020 _a9789383533640
_c300.00
035 _aU-10352
037 _bDBAD/PUB
_a-
082 _a841.08
100 _aچونچ گیاوي
245 _aذرا بچ کے /
_cچونچ گیاوي
_hا ر د و
246 _aZara Bach Ke /
_bby Chonch Gayavi
260 _aNew Delhi
_bEducational Publishing House
_c2020 ء
270 _aH.o. D1/16, Ansari Road, Darya Ganj
_bNew Delhi
_e110002
300 _a160 ص
_c22cm(Hb)
942 _2ddc
_cUR
_mچ و ن
_h841.08